000 01117nam a22003611 4500
001 21775
003 CZ PrNK
005 20260309143220.0
007 ta
008 010516s1988 xo a b 000 j slo
020 _q(Váz.)
040 _aABA001
_bcze
_cABA001
_dABA001
041 1 _aslo
_hcze
072 7 _a821.162.3-3
_xČeská próza
_2Konspekt
072 7 _a821-93
_xLiteratura pro děti a mládež (beletrie)
_2Konspekt
080 _a821-93
_2MRF
080 _a821.162.3-32
_2MRF
080 _a(0:82-321.9)
_2MRF
100 1 _aHofman, Ota,
_d1928-1989
_4aut
245 1 0 _aNávštevníci /
_cOta Hofman ; [preložila Jana Hevešová ; ilustr. Matej Krén]
250 _a1. vyd.
260 _aBratislava :
_bPravda,
_c1988
300 _a165 s. :
_bil. ;
_c25 cm
490 1 _aČlenská knižnica Pravda
500 _aPřeloženo z češtiny
655 7 _ačeské příběhy
_2czenas
655 7 _avědecko-fantastické příběhy
_2czenas
655 7 _apublikace pro mládež
_2czenas
765 0 _tNávštěvníci
830 0 _aČlenská knižnica Pravda
910 _aABA001
942 _2ddc
_cKLDO
_n0
999 _c21775
_d21775